| 000 | 00773nmc a2200277 a 4500 | ||
|---|---|---|---|
| 003 | AR-BaBNM | ||
| 005 | 20251128210220.0 | ||
| 008 | 011101s1994 ||||||||||||||000 | spa|| | ||
| 020 | _a84-8063-015-9 | ||
| 040 | _cAR-BaBNM | ||
| 100 | 1 | _aCalero Heras, José | |
| 245 | 1 | 0 |
_aEntre palabras _bpara aprender a manejar el diccionario |
| 250 | _a2ª ed. | ||
| 260 |
_aBarcelona _bEdiciones Octaedro _c1994 |
||
| 300 | 0 |
_a124 p. _bil. |
|
| 490 | 0 | _aCuadernos octaedro | |
| 500 | 0 | _aContiene referencias bibliográficas | |
| 650 | 4 | _aDICCIONARIOS | |
| 650 | 4 | _aAPRENDIZAJE MEDIANTE LA PRACTICA | |
| 650 | 4 | _aAPTITUD LINGUISTICA | |
| 650 | 4 | _aANTONIMOS | |
| 650 | 4 | _aSINONIMOS | |
| 653 | 0 | _aENSENANZA DE LA LENGUA | |
| 653 | 0 | _aEDUCACION SECUNDARIA | |
| 942 | _cBK | ||
| 999 |
_c14542 _d14542 |
||